| 000 | 01117nam1a2200277 i 4500 | ||
|---|---|---|---|
| 001 | RU\NLR\BIBL_A\012117562 | ||
| 005 | 20241103115733.0 | ||
| 035 | _a(NLR Aleph) 012117562 | ||
| 090 |
_a11975788 _c11975788 |
||
| 100 | _a20191004g20209999u y0rusy50 ca | ||
| 101 | 1 |
_arus _ceng |
|
| 102 | _aRU | ||
| 105 | _a||||z|||||||| | ||
| 200 | 1 |
_aМагазин желаний _e[роман] _fАлександр Спик _g[перевод с английского: Иванов С.] _gс предисловием Алекса Новака |
|
| 210 |
_aСанкт-Петербург [и др.] _cПитер _d2020 |
||
| 215 | _d21 | ||
| 225 | 1 | _aСерия "Сам себе психолог" | |
| 333 | _a18+ | ||
| 606 |
_aЛичность _xСаморазвитие _91532924 _3RU\NLR\AUTH\66667698 |
||
| 686 | 1 | _aЮ937.234 | |
| 686 | 1 | _aШ6(7К)167-440.4(Лх1960-18) | |
| 700 | 1 |
_7ca _8rus _aСпик _bА. _gАлександр _9211724 _3RU\NLR\AUTH\770211780 |
|
| 852 |
_aNLR _j2019-3/25303 |
||
| 942 | _cBOOK | ||